| 000 -ლიდერი |
| ფიქსირებული სიგრძის საკონტროლო ველი |
01677nam a22002417a 4500 |
| 003 - საკონტროლო ნომრის იდენტიფიკატორი |
| საკონტროლო ველი |
Ge_BSU |
| 005 - ბოლო ოპერაციის თარიღი და დრო |
| საკონტროლო ველი |
20260330121752.0 |
| 008 - ფიქსირებული სიგრძის მონაცემთა ელემენტები - ზოგადი ინფორმაცია |
| ფიქსირებული სიგრძის საკონტროლო ველი |
260327s2007 ge ||||| |||| 00| 0 geo d |
| 020 ## - წიგნის საერთაშორისო სტანდარტული ნომერი |
| International Standard Book Number |
9992802365 |
| 041 ## - ენის კოდი |
| Language code of text/sound track or separate title |
geo |
| 080 ## - უნივერსალური ათობითი კლასიფიკაციის ინდექსი |
| Universal Decimal Classification number |
338.22(479.22) მ-97 |
| 245 ## - ცნობა სათაურის შესახებ |
| Title |
მცირე და საშუალო ბიზნესის განვითარების მიმართულებები რეგიონების აგროსამრეწველო სექტორში / |
| Statement of responsibility, etc |
რედაქტორი თ. ბაკურიძე, ნ. წიკლაშვილი და სხვ.; აჭარის ავტონომიური რესპუბლიკის სავაჭრო სამრეწველო პალატა. |
| 264 ## - წარმოების, გამოცემის, დისტრიბუციის და სხვა ცნობები |
| გამოცემის, წარმოების, დისტრიბუციის... ადგილი |
ბათუმი : |
| გამოცემის, წარმოების, დისტრიბუციის... სახელწოდება |
გამომცემლობა აჭარა, |
| გამოცემის, წარმოების, დისტრიბუციის... თარიღი |
2007. |
| 300 ## - ფიზიკური აღწერა |
| Extent |
664 გვ.; |
| Other physical details |
21 სმ. |
| 500 ## - ზოგადი შენიშვნა |
| General note |
პარალ. სათ. რუს. და ინგლ. ენაზე. |
| 653 ## - INDEX TERM--UNCONTROLLED |
| Uncontrolled term |
აგრობიზნესი |
| 653 ## - INDEX TERM--UNCONTROLLED |
| Uncontrolled term |
სასოფლო-სამეურნეო პროდუქცია, მოყვანა, დამუშავება |
| 653 ## - INDEX TERM--UNCONTROLLED |
| Uncontrolled term |
ფერმერული მეურნეობა |
| 700 ## - ADDED ENTRY--PERSONAL NAME |
| Personal name |
ბაკურიძე, თ. |
| Relator term |
რედაქტორი |
| 9 (RLIN) |
884 |
| 700 ## - ADDED ENTRY--PERSONAL NAME |
| Personal name |
წიკლაშვილი, ნ. |
| Relator term |
რედაქტორი |
| 9 (RLIN) |
27234 |
| 710 ## - ADDED ENTRY--CORPORATE NAME |
| Corporate name or jurisdiction name as entry element |
აჭარის ავტონომიური რესპუბლიკის სავაჭრო სამრეწველო პალატა. |
| 9 (RLIN) |
27235 |
| 942 ## - ADDED ENTRY ELEMENTS (KOHA) |
| Source of classification or shelving scheme |
|
| Koha item type |
წიგნი |